|
|
|
|
| LEADER |
00765nam a22002177a 4500 |
| 001 |
AAL7285 |
| 003 |
BD-DhAAL |
| 005 |
20171012093536.0 |
| 008 |
171012b20042008b ||||| |||| 00| 0 eng d |
| 999 |
|
|
|c 38423
|d 38423
|
| 040 |
|
|
|a BD-DhAAL
|c BD-DhAAL
|
| 082 |
|
|
|a 808.1/07
|
| 100 |
|
|
|a Donne, John
|9 22475
|
| 245 |
|
|
|a A study guide to english poetry
|c John Donne
|
| 260 |
|
|
|a Dhaka :
|b Friends' Book,
|c 2008
|
| 300 |
|
|
|a 229 p. ;
|c 22 cm.
|
| 541 |
|
|
|e 7285
|
| 650 |
|
|
|a Poetry
|x Study and teaching.
|9 22476
|
| 852 |
|
|
|a Savar Campus Library
|c General Shelf
|
| 942 |
|
|
|2 ddc
|c BK
|
| 952 |
|
|
|0 0
|1 0
|2 ddc
|4 0
|6 808_100000000000000_07_DON
|7 0
|9 61554
|a SCL
|b SCL
|c GEN
|d 2017-10-12
|e Friends' Book Corner
|g 100.00
|l 2
|m 14
|o 808.107 DON
|p 3020007285
|r 2019-12-03
|s 2019-09-25
|t 1
|w 2017-10-12
|y BK
|